Geographic Information Sytems In Urban Planning And Management (Record no. 14203)

000 -LEADER
fixed length control field 00358nam a2200145Ia 4500
003 - CONTROL NUMBER IDENTIFIER
control field OSt
005 - DATE AND TIME OF LATEST TRANSACTION
control field 20260227143629.0
008 - FIXED-LENGTH DATA ELEMENTS--GENERAL INFORMATION
fixed length control field 260210s9999 xx 000 0 und d
020 ## - INTERNATIONAL STANDARD BOOK NUMBER
International Standard Book Number 9789811978548
082 ## - DEWEY DECIMAL CLASSIFICATION NUMBER
Classification number 304.2
100 ## - MAIN ENTRY--PERSONAL NAME
Personal name Kumar
245 #0 - TITLE STATEMENT
Title Geographic Information Sytems In Urban Planning And Management
260 ## - PUBLICATION, DISTRIBUTION, ETC. (IMPRINT)
Name of publisher, distributor, etc Springer
942 ## - ADDED ENTRY ELEMENTS (KOHA)
Item type B.PLAN
Source of classification or shelving scheme
Holdings
Withdrawn status Lost status Source of classification or shelving scheme Damaged status Koha normalized classification for sorting Not for loan Permanent location Current location Shelving location Date acquired Full call number Barcode Date last seen Price effective from Koha item type Public note
        304_200000000000000   BMS College of Architecture, Design and Planning BMS College of Architecture, Design and Planning General Stacks 2025-12-03 304.2 AR-UG5060 2026-02-10 2026-02-10 B.PLAN S-13
Copyright © 2025, The Librarian, Library and Information Centre, BMSCA D&P, Bengaluru. All Rights Reserved
web counter

Powered by Koha